000 00569nam a2200217Ia 4500
008 170712s9999 xx 000 0 und d
020 _a9789712715617
050 _a808.3
050 _bR457 2005
100 _aReyes, Severino
245 _aMga kuwento ni Lola Basyang /
245 _cby Severino Reyes ; Christine S. Bellen.
260 _aPasig City, Philippines :
260 _bAnvil Publishing Inc.,
260 _c2005
300 _a85 pages :
300 _billustration ;
300 _c18cm.
650 _aShort stories, Filipino.
650 _aTitle.
999 _c340477
_d340477